000 00564nam a2200181Ia 4500
008 220216s9999 xx 000 0 und d
100 _aDevaraj V
245 0 _aCharacterisation of foulants in a PVDF tubular cross flow ultrafiltration membrane by ATR/FTIR spectrometry
260 _bJournal of Rubber Research
_c2009
300 _a71-79
650 _aATR-FTIR spectroscopy
650 _aCross-flow ultrafiltration procss
650 _aFoulants
650 _aSkim natural rubber latex
700 _aFauzi I Ahmad
700 _aZairossani M N
942 _cJS
999 _c55362
_d55362